000
00332nam a2200121Ia 4500
008
180117s9999 xx 000 0 und d
100
_a
by Angelica Flores Morales
245
_a
Teach The Children Well
260
_c
2017
300
_a
12-14 pages, 2017 January 8
440
_a
Philippine Panorama
650
_a
TEACHING THE CHILDREN
999
_c
353554
_d
353554